50 Largest Cities in Texas - Statistics

General Stats
  • This quiz has been taken 2,057 times
    162 since last reset
  • The average score is 28 of 50
Answer Stats
Population City % Correct
1,326,090 Dallas
99%
993,590 Austin
98%
681,730 El Paso
98%
2,390,130 Houston
98%
1,526,660 San Antonio
96%
1,008,110 Fort Worth
95%
317,320 Corpus Christi
89%
272,090 Lubbock
89%
203,730 Amarillo
84%
191,970 Brownsville
81%
146,610 Waco
81%
403,680 Arlington
80%
261,260 Laredo
78%
293,290 Plano
76%
148,790 McAllen
73%
143,690 Midland
68%
258,060 Irving
66%
119,750 Odessa
66%
235,210 Frisco
65%
130,510 Abilene
62%
250,440 Garland
62%
112,900 Beaumont
59%
128,030 College Station
58%
166,000 Denton
58%
227,530 McKinney
58%
102,380 Wichita Falls
58%
135,360 Round Rock
57%
112,220 Tyler
57%
207,340 Grand Prairie
51%
160,620 Killeen
51%
149,620 Pasadena
49%
150,140 Mesquite
48%
109,860 Sugar Land
48%
113,750 Allen
47%
116,480 New Braunfels
39%
129,630 Pearland
39%
118,230 Richardson
39%
135,460 Carrollton
36%
100,160 San Angelo
36%
96,270 Temple
36%
135,990 Lewisville
34%
108,740 Edinburg
31%
118,460 League City
31%
114,590 Conroe
30%
91,550 Bryan
28%
119,440* The Woodlands
26%
101,350 Georgetown
20%
88,580 Mission
13%
87,520 Leander
8%
90,180* Atascocita
1%
No matching quizzes found
Score Distribution
Percent of People with Each Score
Percentile by Number Answered
Your Score History
You have not taken this quiz since the last reset